| 000 | 00496nam a2200181Ia 4500 | ||
|---|---|---|---|
| 003 | 0100 | ||
| 008 | 130303s9999 xx 000 0 und d | ||
| 040 | _cARRUPELIB | ||
| 050 | _aHQ1787.W53 2001 | ||
| 245 | _aWicked Women and the Reconfiguration of Gender in Africa | ||
| 260 | _aOxford | ||
| 260 | _bJames currey | ||
| 260 | _C2001 | ||
| 300 | _a321p.23cm | ||
| 440 | _aSocial history of africa | ||
| 700 | _aedited by Dorothy L.Hodgson , Mccurdy Sheryl AHodgeson, Dorothy L | ||
| 942 | 0 | 0 | _07 |
| 999 |
_c17059 _d17059 |
||